| 000 | 01509nam a2200277 4500 | ||
|---|---|---|---|
| 005 | 20160627100436.0 | ||
| 008 | 150415s2012 ck a gr 00010 spa d | ||
| 040 |
_aCO-BoBLA _cCO-BoBLA _dCO-BoIAVH |
||
| 041 | _aspa | ||
| 044 | _ack | ||
| 082 | 0 | 4 |
_a577.09861 _bL47i |
| 245 | 0 | 0 |
_aLectura integral de territorio sobre la zona de Santurbán-Sisavita, Departamento Norte de Santander : _b2011-2012 : Programa CERCAPAZ, componente "Capacidades para la gestión constructiva y sostenible de los recursos naturales y del medio ambiente" / _cJorge Molina López, Manuel Fernando Arias, Jesús David Gonzáles [y otro]. |
| 260 |
_aBogotá : _bGIZ : _bConsult : _bCORPONOR, _c2012. |
||
| 300 |
_a44 páginas : _bmapas, gráficos, fotografías ; _c28 x 21 cm. |
||
| 504 | _aIncluye referencias bibliográficas : páginas 42-43. | ||
| 650 | 2 | 4 |
_aConservación de los recursos naturales _zPáramo de Santurbán (Santander, Colombia) |
| 650 | 2 | 6 |
_aRecursos hídricos _zPáramo de Santurbán (Santander, Colombia) |
| 650 | 2 | 6 |
_aArroz _xCultivo _zPáramo de Santurbán (Santander, Colombia) |
| 651 | 2 | 6 |
_aPáramo de Santurbán (Santander, Colombia) _xPoblación. |
| 651 | 2 | 4 |
_aPáramo de Santurbán (Santander, Colombia) _x Límites. |
| 700 | 1 |
_aMolina López, Jorge. _eautor |
|
| 700 | 1 |
_aArias, Manuel Fernando. _eautor |
|
| 700 | 1 |
_aGonzáles, Jesús David. _eautor |
|
| 700 | 1 |
_aPabón Villamizar, Silvano, _d1962- _eautor |
|
| 942 |
_2ddc _cLIBRO |
||
| 999 |
_c18829 _d18829 |
||